| 000 | 00867nam a2200253 i 4500 | ||
|---|---|---|---|
| 001 | bg | ||
| 100 | 1 |
_aSZCZEPAŃSKI, Marek Stanisław _d(1956- ) |
|
| 245 | 1 | 0 |
_aDylematy reformy polskiego systemu emerytalnego / _cMarek Szczepański. |
| 260 |
_aPoznań : _bWydawnictwo Politechniki Poznańskiej, _c2006. |
||
| 300 |
_a142 s. : _bil. ; _c24 cm. |
||
| 504 | _aBibliogr. s. 139-141, wykaz aktów prawnych s. 142. | ||
| 650 | 9 |
_aEmerytura _xreforma _zPolska _yod 1989 r. |
|
| 650 | 9 |
_aFundusz emerytalny _zPolska _yod 1989 r. |
|
| 650 | 9 |
_aUbezpieczenia społeczne _xreforma _zPolska _yod 1989 r. |
|
| 655 | _aPodręczniki akademickie | ||
| 015 | _aPB 16655/2006 | ||
| 020 | _a8371432658 | ||
| 040 | _cBPK | ||
| 041 | _apol | ||
| 080 | _a369.5+368.91](438)"1989/..."(075.8) | ||
| 920 | _a83-7143-265-8 | ||
| 942 | _cKS | ||
| 008 | s pl f |000 0 pol | ||
| 999 |
_c52543 _d52543 |
||
| 856 |
_uhttp://koha.tu.koszalin.pl/cgi-bin/koha/opac-detail.pl?biblionumber=52543 _yKatalog online BPK |
||